Evaluation criteria for quality of transit lines plan

Organizácia verejných dopravných služieb. Plán hromadnej dopravy a jeho optimalizácia. Základné kritériá pre hodnotenie kvality verejných dopravných služieb.

Na minha lista:
Detalhes bibliográficos
Autor principal: Cenek, Juraj
Formato: Capítulo de Livro
Idioma:inglês
Assuntos:
Tags: Adicionar Tag
Sem tags, seja o primeiro a adicionar uma tag!

MARC

LEADER 00000naa a2200000 4500
001 0151546
005 20231018105821.3
041 0 |a eng 
044 |a SK 
245 1 0 |a Evaluation criteria for quality of transit lines plan  |c Juraj Cenek 
520 |a Organizácia verejných dopravných služieb. Plán hromadnej dopravy a jeho optimalizácia. Základné kritériá pre hodnotenie kvality verejných dopravných služieb. 
610 2 0 |a doprava hromadná 
610 2 0 |a doprava verejná 
610 2 0 |a organizácia dopravy 
610 2 0 |a podnik dopravný 
610 2 0 |a služby dopravné 
610 2 0 |a optimalizácia 
100 1 |a Cenek, Juraj